000 00703nam a22002057a 4500
005 2010081905455.0
010 _aENG-100906
020 _a9789380173269
_c150.00
035 _aEN-84439
037 _bDBAD/PUB
082 _a954.31
100 _aNapoleon , K.
_915162
245 _aTamilian historians /
_cby K.Napoleon
260 _aKoradacherry
_bAruma Pathipagam
_c2009
270 _a35 Gandhi Colony
_bKoradacherry
_e613703
300 _aiv,142p.
_c20cm (pbk)
650 _aTamilian historians
_915163
942 _2ddc
_cEN
_h954.31
_mNAP
999 _c42539
_d42539